000 00333nam a22001337a 4500
020 _a81-7495-164-4
082 _a306.0899145 DHA
100 _aDharmateertha, Swami
245 _aNo Freedom With Caste: The Menace of Hindu Imperialism
260 _aDelhi
_bMedia House
_c2004
300 _a254
650 _aCaste-India
942 _cBK
999 _c20864
_d20864